Medzinárodné vzťahy 2012: Aktuálne otázky svetovej ekonomiky a politiky - 13. medzinárodná vedecká konferencia

Informácia o zámeroch a cieľoch konferencie Medzinárodné vzťahy 2012: Aktuálne otázky svetovej ekonomiky a politiky .

Salvato in:
Dettagli Bibliografici
Autore principale: Grančay, Martin, 1984-2024
Natura: Capitolo di libro
Lingua:slovacco
Soggetti:
Tags: Aggiungi Tag
Nessun Tag, puoi essere il primo ad aggiungerne!!

MARC

LEADER 00000naa a2200000 4500
001 0166713
005 20240502072914.2
041 0 |a slo 
044 |a SK 
245 1 0 |a Medzinárodné vzťahy 2012: Aktuálne otázky svetovej ekonomiky a politiky - 13. medzinárodná vedecká konferencia  |c Martin Grančay 
520 |a Informácia o zámeroch a cieľoch konferencie Medzinárodné vzťahy 2012: Aktuálne otázky svetovej ekonomiky a politiky . 
610 2 0 |a vzťahy medzinárodné 
610 2 0 |a konferencie 
610 2 0 |a politika medzinárodná 
100 1 |a Grančay, Martin, 1984-2024